[Event "Fagernes GM Open 2014"]
[Site "Fagernes NOR"]
[Date "2014.04.16"]
[Round "5.4"]
[White "Boruchovsky, Avital"]
[Black "Bok, Benjamin"]
[Result "1/2-1/2"]
[WhiteTitle "IM"]
[BlackTitle "IM"]
[WhiteElo "2492"]
[BlackElo "2590"]
[WhiteFideId "2800055"]
[BlackFideId "1017063"]
[EventDate "2014.04.13"]

1. e4 e5 2. Nf3 Nc6 3. Bb5 Nf6 4. O-O Nxe4 5. Re1 Nd6 6. Nxe5 Be7 7. Bf1 Nf5 8.
Nf3 O-O 9. d4 d5 10. c3 h6 11. Bd3 Bd6 12. Nbd2 Qf6 13. Nf1 Be6 14. h3 Rae8 15.
Bc2 Nh4 16. Nxh4 Qxh4 17. Bd2 Ne7 18. Qf3 Ng6 19. Qd3 c6 20. Ng3 Bc7 21. Re2 Bd7
22. Rae1 Rxe2 23. Rxe2 f5 24. Qf3 Nf4 25. Re1 g6 26. Ne2 Ne6 27. Nc1 Ng5 28.
Bxg5 hxg5 29. Re7 Rf7 30. Rxf7 Kxf7 31. Nd3 Kf6 32. Nc5 Bc8 33. Qe2 Qh8 34. b4
g4 35. Qe3 gxh3 36. Qxh3 Qxh3 37. gxh3 Bf4 38. Nb3 Kg5 39. Kg2 Kh4 40. Bd3 Bh6
41. Be2 b6 42. a3 f4 43. Bg4 Bxg4 44. hxg4 Kxg4 45. f3+ Kf5 46. Nc1 g5 47. Nd3
Bg7 48. a4 g4 49. b5 cxb5 50. axb5 g3 51. Nb4 Ke6 52. Nd3 1/2-1/2

[Event "Fagernes GM Open 2014"]
[Site "Fagernes NOR"]
[Date "2014.04.16"]
[Round "5.5"]
[White "Elsness, Frode"]
[Black "Hammer, Jon Ludvig"]
[Result "1-0"]
[WhiteTitle "IM"]
[BlackTitle "GM"]
[WhiteElo "2483"]
[BlackElo "2647"]
[WhiteFideId "1501100"]
[BlackFideId "1503707"]
[EventDate "2014.04.13"]

1. d4 Nf6 2. c4 g6 3. Nc3 d5 4. cxd5 Nxd5 5. e4 Nxc3 6. bxc3 Bg7 7. Nf3 c5 8.
Be3 Qa5 9. Qd2 O-O 10. Rc1 cxd4 11. cxd4 Nc6 12. Qxa5 Nxa5 13. Be2 e6 14. O-O b6
15. Rc7 Bb7 16. Bd3 Rfc8 1-0

[Event "Fagernes GM Open 2014"]
[Site "Fagernes NOR"]
[Date "2014.04.16"]
[Round "5.6"]
[White "Hansen, Torbjorn Ringdal"]
[Black "Turov, Maxim"]
[Result "0-1"]
[WhiteTitle "IM"]
[BlackTitle "GM"]
[WhiteElo "2469"]
[BlackElo "2593"]
[WhiteFideId "1501720"]
[BlackFideId "4120086"]
[EventDate "2014.04.13"]

1. e4 c6 2. d4 d5 3. e5 Bf5 4. h4 Qc7 5. Nc3 h5 6. Nce2 c5 7. dxc5 Nc6 8. Nf3 e6
9. Ned4 Nxd4 10. Nxd4 Qxe5+ 11. Be3 Bxc5 12. Bb5+ Kf8 13. Be2 Rc8 14. O-O Bg4
15. Re1 Bxe2 16. Rxe2 Bxd4 17. Bxd4 Qc7 18. a4 Ne7 19. Ra3 a6 20. Be5 Qc4 21.
Rb3 Qxa4 22. Rxb7 Nf5 23. g3 Rh6 24. Qd2 Rg6 25. Rb4 Qc6 26. Rf4 Kg8 27. Qd3 Rg4
28. c3 Qb5 29. Qxb5 axb5 30. Rxf5 exf5 31. Bf4 Rg6 32. Re5 Rd8 33. Rxf5 Re6 34.
Be3 g6 35. Rf4 Re4 36. Rf6 Re6 37. Rf4 Rd7 38. Kf1 f6 39. Ke2 Kf7 40. Kd3 Rc6
41. Bd4 Re7 42. Be3 Rc4 43. Bd4 Re6 44. b3 Rc8 45. Be3 Re4 46. Rf3 b4 47. Bd4
bxc3 48. Bxc3 f5 49. Bd4 Ke6 50. b4 Rc4 51. Bc5 f4 52. Kd2 fxg3 53. fxg3 Rg4 54.
Rb3 Kd7 55. Bf8 Kc6 56. b5+ Kb6 57. Be7 Rgd4+ 0-1

[Event "Fagernes GM Open 2014"]
[Site "Fagernes NOR"]
[Date "2014.04.16"]
[Round "5.7"]
[White "Donchenko, Alexander"]
[Black "Kveinys, Aloyzas"]
[Result "1/2-1/2"]
[WhiteTitle "IM"]
[BlackTitle "GM"]
[WhiteElo "2471"]
[BlackElo "2543"]
[WhiteFideId "24603295"]
[BlackFideId "12800040"]
[EventDate "2014.04.13"]

1. c4 c5 2. g3 g6 3. Bg2 Bg7 4. Nc3 Nc6 5. Nf3 d6 6. O-O Nf6 7. d4 cxd4 8. Nxd4
Bd7 9. Nc2 O-O 10. b3 a6 11. Rb1 Rb8 12. a4 Na5 13. Bd2 Bc6 14. e4 b6 15. Qe2
Bb7 16. Rfd1 Nd7 17. h4 h5 18. Nd5 e6 19. Nc3 Qc7 20. Na2 Rfe8 21. Ne3 Nf6 22.
Qd3 Nc6 23. Rbc1 Ne5 24. Qb1 Rbd8 25. Nc3 Qb8 26. Re1 Bc6 27. Rcd1 Qb7 28. Nc2
Qc7 29. Bg5 Rc8 30. Nd4 Bb7 31. Re2 Qb8 32. Bc1 Qa8 33. Nc2 Red8 34. Ba3 Ne8 35.
Bb2 Nf6 36. Ba3 Ne8 37. Bb2 Nf6 1/2-1/2

[Event "Fagernes GM Open 2014"]
[Site "Fagernes NOR"]
[Date "2014.04.16"]
[Round "5.8"]
[White "Johannessen, Leif Erlend"]
[Black "Lillevold, Frode"]
[Result "1-0"]
[WhiteTitle "GM"]
[WhiteElo "2530"]
[BlackElo "2182"]
[WhiteFideId "1501674"]
[BlackFideId "1502913"]
[EventDate "2014.04.13"]

1. d4 d5 2. c4 c6 3. Nf3 Nf6 4. e3 e6 5. b3 c5 6. Bb2 Nc6 7. Bd3 cxd4 8. exd4
Bb4+ 9. Nbd2 Ne4 10. O-O f5 11. a3 Bd6 12. c5 Bc7 13. b4 Qf6 14. Nb3 g5 15. Ne5
Nxe5 16. dxe5 Bxe5 17. Bxe5 Qxe5 18. Qh5+ Ke7 19. f3 Nf6 20. Qxg5 Rg8 21. Qd2
Nh5 22. f4 Qc7 23. Bxf5 Bd7 24. Rae1 Raf8 25. Nd4 Kd8 26. Nxe6+ Bxe6 27. Bxe6 1-0

[Event "Fagernes GM Open 2014"]
[Site "Fagernes NOR"]
[Date "2014.04.16"]
[Round "5.9"]
[White "Svane, Rasmus"]
[Black "Tari, Aryan"]
[Result "1/2-1/2"]
[WhiteTitle "IM"]
[BlackTitle "IM"]
[WhiteElo "2487"]
[BlackElo "2387"]
[WhiteFideId "4657101"]
[BlackFideId "1510045"]
[EventDate "2014.04.13"]

1. Nf3 Nf6 2. c4 c5 3. Nc3 d5 4. cxd5 Nxd5 5. g3 g6 6. Bg2 Nc6 7. O-O Bg7 8.
Nxd5 Qxd5 9. d3 O-O 10. Be3 Bd7 11. Nd4 Qd6 12. Nxc6 Bxc6 13. Bxc6 Qxc6 14. Rc1
Qe6 15. Rxc5 Qxa2 16. Rb5 b6 17. Qa1 Qxa1 18. Rxa1 Rfc8 19. Ra2 Kf8 20. Rb4 Ke8
21. b3 h5 22. Rba4 a5 23. Bxb6 Rcb8 24. Rxa5 Rxa5 25. Bxa5 Rxb3 26. Bd2 Rb2 27.
Rxb2 Bxb2 28. e4 e5 29. Kg2 Ke7 30. Kh3 Ke6 31. Kh4 Ba3 32. Kg5 Be7+ 33. Kh6
Bf8+ 34. Kh7 Be7 35. h4 Bd8 36. f3 Bb6 37. g4 Bf2 38. Bg5 hxg4 39. fxg4 f6 40.
Kxg6 fxg5 41. h5 Bc5 42. h6 Be7 43. Kg7 Bf6+ 44. Kg8 Ke7 45. h7 Bh8 46. Kxh8 Kf8
47. d4 exd4 48. e5 d3 49. e6 d2 50. e7+ Kxe7 51. Kg7 d1=Q 52. h8=Q Qd4+ 53. Kh7
Qxg4 54. Kg6 Qf4 55. Qg7+ Ke6 56. Qg8+ Ke7 57. Qg7+ Kd6 58. Qh6 Qh4 59. Qxg5
Qxg5+ 60. Kxg5 Ke5 1/2-1/2

[Event "Fagernes GM Open 2014"]
[Site "Fagernes NOR"]
[Date "2014.04.16"]
[Round "5.10"]
[White "Salomon, Johan"]
[Black "Lie, Espen"]
[Result "0-1"]
[BlackTitle "IM"]
[WhiteElo "2343"]
[BlackElo "2460"]
[WhiteFideId "1509500"]
[BlackFideId "1502611"]
[EventDate "2014.04.13"]

1. e4 e5 2. Nf3 Nc6 3. Bb5 a6 4. Ba4 Nf6 5. O-O Be7 6. Re1 b5 7. Bb3 d6 8. c3
O-O 9. h3 Na5 10. Bc2 c5 11. d4 Qc7 12. Nbd2 Bd7 13. Nf1 Nc4 14. b3 Nb6 15. Ne3
c4 16. Ba3 Rfe8 17. Qd2 Bf8 18. Rad1 Rac8 19. dxe5 dxe5 20. Bxf8 Kxf8 21. bxc4
Nxc4 22. Nxc4 bxc4 23. Qd6+ Qxd6 24. Rxd6 Bc6 25. Nh4 Re7 26. Nf3 Ne8 27. Rdd1
f6 28. Rb1 Rb7 29. Rxb7 Bxb7 30. Rb1 Nd6 31. Nd2 Rc5 32. f3 Ke7 33. Kf2 Kd8 34.
a4 Kc7 35. Rb4 Rc6 36. Bd1 a5 37. Rb2 Rb6 38. Rxb6 Kxb6 39. Ke3 Kc5 40. f4 exf4+
41. Kxf4 Bc6 42. h4 Nc8 43. e5 fxe5+ 44. Kxe5 Bxg2 45. Ke6 Bd5+ 46. Kd7 Nb6+ 47.
Kc7 Bc6 48. Bc2 Nd5+ 0-1

[Event "Fagernes GM Open 2014"]
[Site "Fagernes NOR"]
[Date "2014.04.16"]
[Round "5.11"]
[White "Djurhuus, Rune"]
[Black "Dolzhikova, Olga"]
[Result "1-0"]
[WhiteTitle "GM"]
[BlackTitle "WGM"]
[WhiteElo "2447"]
[BlackElo "2209"]
[WhiteFideId "1500082"]
[BlackFideId "14105870"]
[EventDate "2014.04.13"]

1. d4 Nf6 2. c4 e6 3. Nc3 Bb4 4. e3 O-O 5. Bd3 d5 6. Ne2 b6 7. a3 Be7 8. O-O Bb7
9. cxd5 exd5 10. b4 Nbd7 11. Rb1 a6 12. f3 Ra7 13. Ng3 g6 14. f4 c5 15. f5 Bd6
16. Qf3 Qe7 17. bxc5 bxc5 18. fxg6 hxg6 19. Nf5 Qe6 20. Nxd6 Qxd6 21. a4 Qe6 22.
Qf4 c4 23. Bc2 Bc6 24. Rf3 Nh5 25. Qh6 Ndf6 26. Ba3 Re8 27. h3 Ne4 28. Bxe4 dxe4
29. Rf2 f5 30. Rb6 Qf6 31. Nd5 Qe6 32. Nb4 Rc7 33. Bb2 Qf6 34. Nd5 Bxd5 35. Rxf6
Nxf6 36. Qxg6+ Rg7 37. Qxf6 1-0

[Event "Fagernes GM Open 2014"]
[Site "Fagernes NOR"]
[Date "2014.04.16"]
[Round "5.12"]
[White "Galinsky, Timofey"]
[Black "Mihajlov, Sebastian"]
[Result "1-0"]
[WhiteTitle "IM"]
[BlackTitle "CM"]
[WhiteElo "2427"]
[BlackElo "2197"]
[WhiteFideId "14104164"]
[BlackFideId "1512110"]
[EventDate "2014.04.13"]

1. e4 e5 2. Nf3 Nc6 3. Bc4 Bc5 4. c3 Nf6 5. d3 d6 6. Nbd2 O-O 7. O-O a6 8. a4
Ba7 9. Re1 h6 10. Nf1 Re8 11. b4 Be6 12. Bxe6 fxe6 13. Be3 Qd7 14. Qc2 Bxe3 15.
Nxe3 Nh5 16. b5 Na5 17. d4 axb5 18. dxe5 bxa4 19. Rxa4 dxe5 20. Nxe5 Qb5 21. Nf3
Nf4 22. e5 Rf8 23. Rb4 Qc5 24. Ng4 Nc6 25. Nxh6+ Kh8 26. Ng5 g6 27. Nhf7+ 1-0

[Event "Fagernes GM Open 2014"]
[Site "Fagernes NOR"]
[Date "2014.04.16"]
[Round "5.13"]
[White "Haug, Johannes"]
[Black "Getz, Nicolai"]
[Result "1-0"]
[BlackTitle "IM"]
[WhiteElo "2096"]
[BlackElo "2388"]
[WhiteFideId "1509268"]
[BlackFideId "1505572"]
[EventDate "2014.04.13"]

1. e4 e5 2. Nf3 Nc6 3. d4 exd4 4. Nxd4 Nf6 5. Nxc6 bxc6 6. e5 Qe7 7. Qe2 Nd5 8.
c4 Nb6 9. b3 Bb7 10. Bb2 Qe6 11. Nd2 a5 12. Qe3 O-O-O 13. O-O-O d5 14. f4 f6 15.
Bd3 c5 16. f5 Qe8 17. e6 Bd6 18. Qf2 a4 19. Kb1 axb3 20. axb3 h5 21. cxd5 Bxd5
22. Be4 Be7 23. Bxd5 Rxd5 24. Nc4 Qc6 25. Qf3 Rhd8 26. Rxd5 Qxd5 27. Rf1 Kb7 28.
Na5+ Kc8 29. Nc6 Re8 30. Nxe7+ Rxe7 31. Qxd5 Nxd5 32. Ba3 Ne3 33. Rf2 Ng4 34.
Rf4 Re8 35. Bxc5 Nxh2 36. Rh4 Nf1 37. Bf2 Rd8 38. Rxh5 Kb7 39. Kc1 Rd2 40. e7
Re2 41. Rh1 Rxe7 42. Rxf1 Re2 43. g4 Kc6 44. g5 fxg5 45. Bd4 Re7 46. Rg1 Kd5 47.
Bb2 Re3 48. Rxg5 Ke4 49. Kc2 Re2+ 50. Kb1 c5 51. Bxg7 Kf4 1-0

[Event "Fagernes GM Open 2014"]
[Site "Fagernes NOR"]
[Date "2014.04.16"]
[Round "5.14"]
[White "Kvisvik, Brede"]
[Black "Houska, Jovanka"]
[Result "0-1"]
[WhiteTitle "FM"]
[BlackTitle "IM"]
[WhiteElo "2300"]
[BlackElo "2410"]
[WhiteFideId "1502999"]
[BlackFideId "405094"]
[EventDate "2014.04.13"]

1. e4 c6 2. d4 d5 3. e5 c5 4. dxc5 e6 5. Be3 Nh6 6. Bd3 Nc6 7. c4 dxc4 8. Be4
Qxd1+ 9. Kxd1 Nxe5 10. Na3 f5 11. Bd4 fxe4 12. Bxe5 Ng4 13. Nxc4 Nxf2+ 14. Ke2
Nxh1 15. b4 Bd7 16. a4 Be7 17. Nd6+ Bxd6 18. Bxd6 a6 19. Nh3 O-O-O 20. Ke3 Bc6
21. Rxh1 Bxa4 22. Ng5 Rxd6 23. cxd6 Rd8 24. Nxe4 Bc6 25. Rd1 Bxe4 26. Kxe4 Kd7
27. Ke5 Rf8 28. g4 Rf2 29. h3 h6 30. Rd3 Re2+ 31. Kf4 g5+ 32. Kf3 Re5 33. Rc3
Kxd6 34. Rc8 Rb5 35. Rh8 Rxb4 36. Rxh6 a5 37. Rh5 Rb5 38. h4 Rb3+ 39. Ke4 gxh4
40. Rxa5 h3 41. Rh5 b5 42. g5 b4 43. Kf4 Rc3 44. g6 Ke7 45. Rg5 Kf8 46. Rb5 h2
47. Rh5 Rc2 48. Rh7 b3 49. Kg5 b2 50. Rh8+ Ke7 51. Rh7+ Kd6 52. g7 Rg2+ 53. Kf6
b1=Q 54. Rxh2 Qf5# 0-1

[Event "Fagernes GM Open 2014"]
[Site "Fagernes NOR"]
[Date "2014.04.16"]
[Round "5.15"]
[White "Haria, Ravi"]
[Black "Wallace, John Paul"]
[Result "0-1"]
[BlackTitle "IM"]
[WhiteElo "2207"]
[BlackElo "2402"]
[WhiteFideId "415820"]
[BlackFideId "3200957"]
[EventDate "2014.04.13"]

1. e4 c5 2. Nf3 d6 3. Bb5+ Nd7 4. O-O a6 5. Bd3 Ngf6 6. Re1 Ne5 7. Nxe5 dxe5 8.
b3 Qd4 9. Nc3 Bg4 10. Be2 h5 11. h3 Be6 12. Bb2 Rd8 13. Na4 Qd6 14. Ba3 Nd7 15.
c3 b5 16. Nxc5 Nxc5 17. d4 exd4 18. cxd4 Bxh3 19. Bxc5 Qg6 20. Bf1 e5 21. Bxf8
Kxf8 22. d5 h4 23. Kh2 Bd7 24. Qd2 Qf6 25. Qe3 g5 26. Qf3 Qg7 27. Kg1 g4 28. Qe3
g3 29. f3 h3 30. Qb6 Qg5 31. Rac1 Rh6 32. Qc7 Qh4 33. gxh3 Kg8 34. Bg2 Qg5 35.
d6 Bxh3 36. Rc2 Kg7 37. Qc5 Qh5 38. f4 Bxg2 39. Kxg2 Qh3+ 40. Kf3 Rhxd6 41.
Qxe5+ f6 42. Qe7+ Kh6 43. Rce2 Rd3+ 44. Re3 g2+ 45. Kf2 g1=Q+ 46. Kxg1 Rg8+ 47.
Kf2 Qg2# 0-1

[Event "Fagernes GM Open 2014"]
[Site "Fagernes NOR"]
[Date "2014.04.16"]
[Round "5.16"]
[White "Holm, Kristian Stuvik"]
[Black "Christiansen, Johan-Sebastian"]
[Result "1/2-1/2"]
[WhiteTitle "FM"]
[WhiteElo "2321"]
[BlackElo "2207"]
[WhiteFideId "1508083"]
[BlackFideId "1512668"]
[EventDate "2014.04.13"]

1. e4 c5 2. Nf3 d6 3. c3 Nf6 4. h3 g6 5. Bd3 Bg7 6. Bc2 e5 7. O-O O-O 8. d4 Qc7
9. dxe5 dxe5 10. Bg5 Nc6 11. Nbd2 Be6 12. Bxf6 Bxf6 13. Qe2 1/2-1/2

[Event "Fagernes GM Open 2014"]
[Site "Fagernes NOR"]
[Date "2014.04.16"]
[Round "5.17"]
[White "Hauge, Lars Oskar"]
[Black "Guttulsrud, Odd Martin"]
[Result "1-0"]
[WhiteTitle "FM"]
[BlackTitle "CM"]
[WhiteElo "2330"]
[BlackElo "2206"]
[WhiteFideId "1509276"]
[BlackFideId "1507249"]

1. e4 c5 2. Nf3 d6 3. d4 cxd4 4. Nxd4 Nf6 5. Nc3 a6 6. h3 e6 7. g4 b5 8. Bg2 Bb7
9. O-O b4 10. Nd5 exd5 11. exd5 Be7 12. g5 O-O 13. gxf6 Bxf6 14. a3 a5 15. Be3
Re8 16. Qd2 Na6 17. axb4 axb4 18. Ra2 Nc7 19. Rxa8 Qxa8 20. Nc6 Bxc6 21. dxc6 d5
22. Qxb4 Qxc6 23. c3 Ne6 24. Rd1 Rd8 25. Qa5 Qb7 26. Qa2 Rb8 27. Rd2 Qc7 28.
Qxd5 Nf4 29. Qc5 Qxc5 30. Bxc5 Re8 31. Be3 Nxg2 32. Kxg2 g5 33. Rc2 Rb8 34. Bc1
Kg7 35. c4 Kg6 36. c5 Bd4 37. c6 h5 38. Be3 Bxb2 39. c7 Rc8 40. Rxb2 Rxc7 41.
Rb6+ f6 42. Bd4 Rf7 43. Kf3 Kf5 44. Rb5+ Kg6 45. Bb2 Rc7 46. Rb6 Rf7 47. Ke4 Rf8
48. Rd6 Rf7 49. Bd4 Rf8 50. Kd5 Kf5 51. Rc6 h4 52. Bb6 Re8 53. Be3 Rf8 54. Kd6
Re8 55. Kd5 Rf8 56. Rc7 Ra8 57. Kd4 Rd8+ 58. Kc3 Ke4 59. Rc6 Rf8 60. Bc5 Rf7 61.
Bd4 f5 62. Bf6 g4 63. hxg4 h3 64. g5 Kf3 65. g6 Rf8 66. g7 Rg8 67. Be5 Kg2 68.
Rh6 f4 69. Rg6+ Kf3 70. Rf6 h2 71. Rxf4+ Kg2 72. Rh4 h1=Q 73. Rxh1 Kxh1 74. f4
Kg2 75. f5 Kf3 76. f6 Ke4 77. f7 Rc8+ 78. Kb4 1-0

[Event "Fagernes GM Open 2014"]
[Site "Fagernes NOR"]
[Date "2014.04.16"]
[Round "5.18"]
[White "Flermoen, Peter"]
[Black "Andersen, Alf R."]
[Result "1-0"]
[WhiteTitle "CM"]
[WhiteElo "2232"]
[BlackElo "2230"]
[WhiteFideId "1507303"]
[BlackFideId "1503120"]
[EventDate "2014.04.13"]

1. e4 d6 2. d4 Nf6 3. Nc3 g6 4. f3 c6 5. Be3 Nbd7 6. Qd2 b5 7. Bd3 Nb6 8. Nge2
Bg7 9. Bh6 O-O 10. h4 e5 11. dxe5 dxe5 12. h5 Qc7 13. a3 Be6 14. Qg5 Nxh5 15.
Bxg7 f6 16. Bxf6 Nxf6 17. f4 Nbd7 18. f5 Bf7 19. g4 Be8 20. Ng3 Rf7 21. fxg6
hxg6 22. Nf5 Rh7 23. O-O-O Qd8 24. Rxh7 Nxh7 25. Qxd8 Rxd8 26. Ne7+ Kg7 27. Nxc6
Ra8 28. Bxb5 Nhf6 29. Be2 g5 30. Rd6 Bg6 31. Ne7 Bh7 32. Nf5+ Bxf5 33. exf5 Rh8
34. Ra6 Rh1+ 35. Kd2 Nc5 36. Rxa7+ Kf8 37. b4 Nce4+ 38. Nxe4 Nxe4+ 39. Ke3 Nf6
40. b5 Rh3+ 41. Kd2 Nd5 42. c4 Nf4 43. b6 Rh2 44. b7 Rxe2+ 45. Kc3 1-0

[Event "Fagernes GM Open 2014"]
[Site "Fagernes NOR"]
[Date "2014.04.16"]
[Round "5.19"]
[White "Hagesather, Ellen"]
[Black "Jorgensen, Line Jin"]
[Result "1-0"]
[WhiteTitle "WIM"]
[WhiteElo "2204"]
[BlackElo "1926"]
[WhiteFideId "1501909"]
[BlackFideId "1505467"]
[EventDate "2014.04.13"]

1. e4 e6 2. d3 c5 3. g3 Nc6 4. Bg2 g6 5. Nc3 Bg7 6. f4 Nge7 7. Nf3 O-O 8. O-O d6
9. Rb1 Rb8 10. Bd2 b5 11. a3 a5 12. a4 b4 13. Nb5 Ba6 14. c4 e5 15. f5 f6 16. g4
Bc8 17. Qe1 h6 18. fxg6 Nxg6 19. Nh4 Nce7 20. Nf5 Bxf5 21. gxf5 Nh8 22. Rf3 Kh7
23. Rg3 Nf7 24. Bf3 Rh8 25. Bh5 Qf8 26. Qf2 Nc8 27. Kh1 Rb7 28. Rbg1 Nd8 29. Qg2
Kg8 30. Rg6 Kh7 31. Rxh6+ 1-0

[Event "Fagernes GM Open 2014"]
[Site "Fagernes NOR"]
[Date "2014.04.16"]
[Round "5.20"]
[White "Bjerke, Richard"]
[Black "Djurhuus, Eivind X"]
[Result "1/2-1/2"]
[WhiteTitle "FM"]
[WhiteElo "2194"]
[BlackElo "1977"]
[WhiteFideId "1500252"]
[BlackFideId "1515721"]
[EventDate "2014.04.13"]

1. e4 c5 2. Nf3 d6 3. d4 cxd4 4. Nxd4 Nf6 5. Nc3 a6 6. Be3 e5 7. Nb3 Be7 8. Be2
Be6 9. O-O O-O 10. a4 Nbd7 11. f4 exf4 12. Rxf4 Ne5 13. Nd4 Bc4 14. Nf5 Rc8 15.
Bd4 Re8 16. Bxc4 Rxc4 17. a5 Bf8 18. Bb6 Qd7 19. Ne3 Rcc8 20. Bd4 Qe6 21. Qf1
Nfd7 22. Ned5 Nc6 23. Be3 Be7 24. Rf5 Bf6 25. Nf4 Qe7 26. Nfd5 Qe6 27. Nf4 Qe7
28. Nfd5 Qe6 1/2-1/2

[Event "Fagernes GM Open 2014"]
[Site "Fagernes NOR"]
[Date "2014.04.16"]
[Round "6.1"]
[White "Romanov, Evgeny"]
[Black "Postny, Evgeny"]
[Result "1/2-1/2"]
[WhiteTitle "GM"]
[BlackTitle "GM"]
[WhiteElo "2642"]
[BlackElo "2630"]
[WhiteFideId "4148843"]
[BlackFideId "2804344"]
[EventDate "2014.04.13"]

1. e4 e5 2. Nf3 Nc6 3. Bb5 Nf6 4. d3 Bc5 5. Bxc6 dxc6 6. O-O Qe7 7. h3 Bd6 8. d4
Nd7 9. Nbd2 O-O 10. Nc4 exd4 11. Qxd4 Nb6 12. Nxd6 Qxd6 13. a4 Re8 14. Re1 a5
15. b3 Qxd4 16. Nxd4 f5 17. Bf4 fxe4 18. c4 Nd7 19. Bxc7 Nf6 20. Rad1 Bd7 21.
Kh2 h6 22. Rd2 Ra7 23. Bf4 b6 24. Rc1 Rb7 25. Be3 Re5 26. Bf4 Re8 27. Be3 Re5
28. Ne2 Re7 29. c5 bxc5 30. Bxc5 Re8 31. Nd4 Re5 32. Rb2 Be8 33. Ne2 Nd7 34. Bd4
Re6 35. Rc3 Bf7 36. Rg3 Rg6 37. Rxg6 Bxg6 38. Bc3 Nc5 39. Nd4 Bf7 40. Bxa5 Nxa4
41. Re2 c5 42. Nf5 Bxb3 43. Rxe4 Rf7 44. g4 Bc2 45. Rc4 Bb3 46. Re4 Bc2 47. Rc4 1/2-1/2

[Event "Fagernes GM Open 2014"]
[Site "Fagernes NOR"]
[Date "2014.04.16"]
[Round "6.2"]
[White "Gajewski, Grzegorz"]
[Black "Shankland, Samuel L"]
[Result "1/2-1/2"]
[WhiteTitle "GM"]
[BlackTitle "GM"]
[WhiteElo "2631"]
[BlackElo "2616"]
[WhiteFideId "1116207"]
[BlackFideId "2004887"]
[EventDate "2014.04.13"]

1. c4 e5 2. Nc3 Nf6 3. Nf3 Nc6 4. e3 Be7 5. Qb3 O-O 6. Be2 b6 7. O-O Bb7 8. a3
Re8 9. d4 exd4 10. exd4 d5 11. cxd5 Na5 12. Qc2 Nxd5 13. b4 Nxc3 14. Qxc3 Bf6
15. Be3 Nc6 16. Rac1 Nxd4 17. Bxd4 Rxe2 18. Bxf6 Qxf6 19. Qxf6 gxf6 20. Rxc7
Bxf3 1/2-1/2

[Event "Fagernes GM Open 2014"]
[Site "Fagernes NOR"]
[Date "2014.04.16"]
[Round "6.3"]
[White "Rozentalis, Eduardas"]
[Black "Bok, Benjamin"]
[Result "0-1"]
[WhiteTitle "GM"]
[BlackTitle "IM"]
[WhiteElo "2624"]
[BlackElo "2590"]
[WhiteFideId "12800023"]
[BlackFideId "1017063"]
[EventDate "2014.04.13"]

1. e4 e5 2. Nf3 Nc6 3. Bb5 Nf6 4. Nc3 Nd4 5. Bd3 Nxf3+ 6. Qxf3 Bc5 7. h3 c6 8.
Bc4 d6 9. d3 h6 10. O-O Be6 11. Bxe6 fxe6 12. Qg3 Qe7 13. Na4 Bb4 14. a3 Ba5 15.
f4 exf4 16. Bxf4 e5 17. Be3 b5 18. b4 Bc7 19. Nc3 a5 20. Ne2 Kf7 21. Qf3 Rhf8
22. Ng3 Kg8 23. Nf5 Qd7 24. Qg3 Kh7 25. Rad1 Ng8 26. d4 exd4 27. Bxd4 g6 28. Nh4
Qe6 29. Rfe1 Rae8 30. Qc3 Ne7 31. bxa5 c5 32. Bf2 Nc6 33. Qg3 Rf7 34. Nf3 Nxa5
35. e5 dxe5 36. Bxc5 Qc6 37. Qf2 Kg8 38. Be3 e4 39. Nd4 Qd6 40. Nf3 Qg3 41. Qxg3
Bxg3 42. Nd4 Bxe1 43. Rxe1 g5 44. Nxb5 Nc4 45. a4 Kh7 46. a5 Rf5 47. Nc7 Re7 48.
Bb6 e3 49. g4 Rfe5 50. Re2 Rd7 51. c3 Nxa5 52. Bd4 Ree7 53. Na6 Nb3 54. Bb6 Rd1+
55. Kg2 Rd2 0-1

[Event "Fagernes GM Open 2014"]
[Site "Fagernes NOR"]
[Date "2014.04.16"]
[Round "6.4"]
[White "Turov, Maxim"]
[Black "Johannessen, Leif Erlend"]
[Result "1/2-1/2"]
[WhiteTitle "GM"]
[BlackTitle "GM"]
[WhiteElo "2593"]
[BlackElo "2530"]
[WhiteFideId "4120086"]
[BlackFideId "1501674"]
[EventDate "2014.04.13"]

1. d4 d5 2. c4 c6 3. Nc3 Nf6 4. Nf3 e6 5. Bg5 Nbd7 6. cxd5 exd5 7. e3 Be7 8. Qc2
Nh5 9. Bxe7 Qxe7 10. O-O-O Nb6 11. h3 Be6 12. Bd3 O-O-O 13. Na4 Nxa4 14. Qxa4
Kb8 15. Kb1 Nf6 16. Rc1 Ne4 17. Bxe4 dxe4 18. Ne5 f6 19. Nc4 Bxc4 20. Rxc4 1/2-1/2

[Event "Fagernes GM Open 2014"]
[Site "Fagernes NOR"]
[Date "2014.04.16"]
[Round "6.5"]
[White "Hammer, Jon Ludvig"]
[Black "Boruchovsky, Avital"]
[Result "1/2-1/2"]
[WhiteTitle "GM"]
[BlackTitle "IM"]
[WhiteElo "2647"]
[BlackElo "2492"]
[WhiteFideId "1503707"]
[BlackFideId "2800055"]
[EventDate "2014.04.13"]

1. d4 Nf6 2. c4 e6 3. Nf3 d5 4. Nc3 c5 5. cxd5 Nxd5 6. g3 cxd4 7. Nxd5 Qxd5 8.
Qxd4 Qb5 9. e4 Qb4+ 10. Bd2 Nc6 11. Qxb4 Bxb4 12. Bb5 Bd7 13. Bxc6 Bxd2+ 14.
Kxd2 Bxc6 15. Ke3 Ke7 16. Nd4 Rhc8 17. Rac1 Bd7 18. f4 a5 19. e5 h6 20. Kd2 g5
21. Rxc8 Rxc8 22. Rc1 Rg8 23. Ke3 gxf4+ 24. Kxf4 Kd8 25. g4 Rg6 26. h4 f6 27.
Nf3 Bc6 28. h5 fxe5+ 29. Nxe5 Rf6+ 30. Kg3 Bd5 31. Rc2 Ke7 32. Ng6+ Kd6 33. Rf2
Rxf2 34. Kxf2 Be4 35. Kg3 Bc2 36. Kf4 Bxg6 37. hxg6 Ke7 38. Ke5 Kf8 39. Kf6 e5
40. Kf5 1/2-1/2

[Event "Fagernes GM Open 2014"]
[Site "Fagernes NOR"]
[Date "2014.04.16"]
[Round "6.6"]
[White "Kveinys, Aloyzas"]
[Black "Lie, Espen"]
[Result "1-0"]
[WhiteTitle "GM"]
[BlackTitle "IM"]
[WhiteElo "2543"]
[BlackElo "2460"]
[WhiteFideId "12800040"]
[BlackFideId "1502611"]
[EventDate "2014.04.13"]

1. d4 Nf6 2. Nf3 g6 3. c4 Bg7 4. g3 O-O 5. Bg2 d6 6. O-O c6 7. Nc3 Qb6 8. b3 Qa5
9. Qd3 Qh5 10. e4 Bg4 11. Ne1 Bh3 12. f3 Bxg2 13. Nxg2 Qa5 14. Bd2 Na6 15. a3 e5
16. b4 Qd8 17. dxe5 dxe5 18. Qxd8 Rfxd8 19. Be3 Rd3 20. Rac1 Nc7 21. Rfd1 Rxd1+
22. Rxd1 Ne6 23. Na4 Bf8 24. Ne1 b6 25. Kf1 Be7 26. Ke2 Kf8 27. Nd3 Bd6 28. Rc1
Bc7 29. b5 cxb5 30. cxb5 Bd6 31. Rc3 Nd7 32. f4 a6 33. f5 Nd4+ 34. Bxd4 exd4 35.
Rc6 Bxa3 36. Nxb6 Nxb6 37. Rxb6 axb5 38. f6 Re8 39. e5 Rc8 40. Rxb5 Kg8 41. Kf3
h6 42. Ke4 g5 43. Ra5 Bf8 44. Ra7 Rc2 45. Ra8 h5 46. Nb4 Rxh2 47. Nd5 d3 48.
Kxd3 h4 49. gxh4 1-0